| 000 | 00000nam 22000008a 4500 |
| 001 | 9.841541 |
| 003 | CaOODSP |
| 005 | 20221107152119 |
| 007 | cr ||||||||||| |
| 008 | 170913s1977 onc o f000 0 eng d |
| 040 | |aCaOODSP|beng |
| 043 | |an-cn--- |
| 086 | 1 |aR5-368/1977E-PDF |
| 245 | 04|aThe Indian fact in Canada |h[electronic resource] : |bliability or asset? |
| 260 | |a[Ottawa] : |bDepartment of Indian and Northern Affairs, |c[1977?] |
| 300 | |a53 p. |
| 500 | |a"Summary report submitted to the Education and Cultural Development Branch." |
| 500 | |aDigitized edition from print [produced by Indigenous and Northern Affairs Canada]. |
| 504 | |aIncludes bibliographical references. |
| 520 | |aThis report discusses the Canadian government's relationship with the Indigenous groups in the country with a focus on education and social integration. |
| 692 | 07|2gccst|aAboriginal peoples |
| 692 | 07|2gccst|aEducation |
| 710 | 1 |aCanada. |bIndian and Northern Affairs Canada. |
| 856 | 40|qPDF|s3.20 MB|uhttps://publications.gc.ca/collections/collection_2017/aanc-inac/R5-368-1977-eng.pdf |